00744nam a22002057a 4500003000900000008004100009040007100050082002000121100002100141110003600162245005000198260002400248300002800272440002300300505009600323650001100419650001600430650002000446700007200466AR-CdUCM190606b ||||| |||| 00| 0 spa d aMUNICIPALIDAD PROVINCIAL DEL CUSCOcBIBLIOTECA MUNICIPAL DEL CUSCO a985.004 /bES77 aEscobar, Alberto aInstituto de Estudios Peruanos aEl reto del multilingüísmo en el Perú / aLima :bIEP,c1972. a281 páginas ;c21 cm. a9nPerú problema aContenido: Lingüística y política -- Postulados Lingüísticos del idioma Aymara... aAymara aPolítica  aLingüística aHardman,Martha, Torero,Alfredo, Parker, Gary, Pozzi-Escot, Iñés